000 00808nam a2200205Ia 4500
999 _c4944
_d4944
003 OSt
005 20200408122702.0
008 191128s1959 ck gr 000 0 spa d
040 _aCO-JMCR
_cCO-JMCR
041 0 _aspa
082 0 4 _a301 /
_bN218a
100 1 _aNaranjo Villegas, Abel,
_eautor
_92810
245 1 0 _aConferencias de sociología /
_cAbel Naranjo Villegas
260 _aBogotá :
_bRosaristas,
_c1959
300 _a207 páginas ;
_c22 cm.
490 0 _aEdición privada
505 _aCampo de comprensión de las ciencias sociales -- Objetivo de la sociología -- Los temas de la sociología -- Tipos de obrar social -- Grados de la Sociabilidad -- Las formas sociales y el medio físico y cultural -- Los grupos sociales -- El asentamiento
650 1 4 _aSociología
_92811
942 _2ddc
_cBK